Govt. of
Madhya Pradesh

1000 विज्ञान प्रश्‍नोत्‍तरी (Record no. 53745)

MARC details
000 -LEADER
fixed length control field 00535nam a22001697a 4500
003 - CONTROL NUMBER IDENTIFIER
control field MACL
005 - DATE AND TIME OF LATEST TRANSACTION
control field 20160409135140.0
008 - FIXED-LENGTH DATA ELEMENTS--GENERAL INFORMATION
fixed length control field 160409b xxu||||| |||| 00| 0 eng d
040 ## - CATALOGING SOURCE
Transcribing agency MACL
041 ## - LANGUAGE CODE
Language code of text/sound track or separate title Hindi
082 ## - DEWEY DECIMAL CLASSIFICATION NUMBER
Classification number 500
100 ## - MAIN ENTRY--PERSONAL NAME
Personal name सालवी दिलीप एम
9 (RLIN) 50894
245 ## - TITLE STATEMENT
Title 1000 विज्ञान प्रश्‍नोत्‍तरी
260 ## - PUBLICATION, DISTRIBUTION, ETC. (IMPRINT)
Place of publication, distribution, etc. नई दिल्‍ली
Name of publisher, distributor, etc. सत्‍साहित्‍य प्रकाशन
650 ## - SUBJECT ADDED ENTRY--TOPICAL TERM
Topical term or geographic name as entry element Pure Science
9 (RLIN) 51352
942 ## - ADDED ENTRY ELEMENTS (KOHA)
Source of classification or shelving scheme
Koha item type Hindi Books
Holdings
Withdrawn status Lost status Source of classification or shelving scheme Damaged status Not for loan Home library Current library Date acquired Cost, normal purchase price Total Checkouts Full call number Barcode Checked out Date last seen Date last checked out Price effective from Koha item type
          MACL MACL 09/04/2016 150.00 2 500 SAL CRH015097 07/06/2019 14/05/2019 14/05/2019 09/04/2016 Hindi Books